[Event "RUS-ch Men Rapid 2019"]
[Site "Sochi"]
[Date "2019.10.16"]
[Round "7.32"]
[White "Chos, Alexey"]
[Black "Nozdrachev, Vladislav"]
[Result "0-1"]
[WhiteElo "2296"]
[BlackElo "2494"]
[Annotator "RC"]
[PlyCount "118"]
[EventDate "2019.10.15"]
[EventType "swiss"]
[EventCountry "RUS"]
[SourceTitle "playchess.com"]
[Source "ChessBase"]
[SourceQuality "1"]
[TimeControl "900+10"]

1. e4 e5 2. Nf3 Nc6 3. Bb5 a6 4. Ba4 Nf6 5. O-O Bc5 6. Re1 b5 7. Bb3 d6 8. c3 O-O 9. d4 Bb6 10. h3 Bb7 11. dxe5 Nxe5 12. Nxe5 dxe5 13. Nd2 Qe7 14. Qf3 Nd7 15. Nf1 Nc5 16. Ng3 Nxb3 17. Nf5 Qe6 18. axb3 g6 19. Qg3 Kh8 20. Bh6 Rg8 21. Ne3 g5 22. Ng4 Rg6 23. Rad1 Rxh6 24. Nxh6 Qxh6 25. Qxe5+ Qg7 26. Qf5 Rf8 27. c4 Bc8 28. Qd5 Be6 29. Qc6 Qe5 30. cxb5 axb5 31. Rd3 Qxb2 32. Rf3 Qe5 33. Rd1 g4 34. hxg4 Bxg4 35. Qh6 Qg7 36. Qxg7+ Kxg7 37. Rg3 h5 38. Rd5 Kh6 39. Rxb5 Re8 40. Rc3 Ra8 41. Rc2 Be6 42. Kh2 Ra3 43. b4 h4 44. g3 Bxf2 45. gxh4 Bxh4 46. Rcc5 Ra2+ 47. Kh1 Bg4 48. Rc6+ Kg7 49. Rc3 Re2 50. Rbc5 Rxe4 51. Rxc7 Rxb4 52. R7c4 Rxc4 53. Rxc4 f5 54. Kg2 Kf6 55. Rc5 f4 56. Rc3 Ke5 57. Ra3 Be6 58. Ra5+ Bd5+ 59. Kh3 Be1 0-1

[Event "RUS-ch Men Rapid 2019"]
[Site "Sochi"]
[Date "2019.10.16"]
[Round "8.1"]
[White "Golubov, Saveliy"]
[Black "Shimanov, Aleksandr"]
[Result "0-1"]
[WhiteElo "2469"]
[BlackElo "2587"]
[Annotator "TA"]
[PlyCount "86"]
[EventDate "2019.10.15"]
[EventType "swiss"]
[EventCountry "RUS"]
[SourceTitle "playchess.com"]
[Source "ChessBase"]
[SourceQuality "1"]

{[%evp 12,126,0,0,0,0,0,0,0,-2,-1,-26,-14,-43,0,0,0,0,0,0,0,0,73,73,72,75,402,79,78,69,89,30,44,0,22,9,0,6,9,7,0,0,14,22,25,-62,-62,-40,-50,-49,-56,-124,-42,-128,-129,-116,-112,-115,-109,-146,-142,-152,-156,-151,-132,-156,-142,-214,-194,-276,-286,-283,-283,-369,-336,-366,-353,-295,0,-248,-233,-238,0,-376,-371,-1010,-300,-293,-278,-552,-552,-549,-541,-541,-520,-520,-520,-520,-506,-505,-498,-483,-301,-627,-483,-476,-469,-461,-412,-1382,-1324,-4690,-4854,-4133,-4391,-1433,-471]} 1. d4 d5 2. Nf3 e6 3. Bf4 Bd6 4. Bg3 Nf6 5. Nbd2 O-O 6. e3 b6 7. Bd3 Bb7 {D02: 1 d4 d5 2 Nf3 sidelines, including 2...Nf6 3 g3 and 2...Nf6 3 Bf4} 8. c3 Ne4 9. Bxd6 cxd6 {The position is equal.} 10. Qc2 {[%cal Rd2e4]} f5 11. c4 $146 ({Predecessor:} 11. O-O Nd7 12. c4 Ndf6 13. cxd5 Bxd5 14. Rac1 Qe8 {½-½ (57) Le,Q (2739)-Anand,V (2783) Saint Louis 2017}) 11... Nc6 {[%cal Bb8c6,Bc6e7,Be7d5,Bd5f4,Bf4h3][%mdl 32]} 12. Qa4 Ne7 13. cxd5 Nxd2 14. Nxd2 Nxd5 15. O-O Qg5 {( -> ...Nf4!)} 16. Nf3 Qg6 {[#]} (16... Qe7 $11) 17. Qd7 $1 $16 {[%cal Rd7b7]} Nf4 {[%csl Gf4][%cal Rg6g2]} 18. Nh4 Nh3+ 19. Kh1 Qf7 20. Qxd6 f4 21. e4 (21. Qe5 $16 fxe3 22. fxe3 (22. Qxe3 Nf4 $14) 22... Nf2+ 23. Kg1 Nxd3 24. Rxf7 Nxe5 25. Rxb7) 21... Ng5 $11 22. Qe5 (22. Nf3 $5 {[%cal Rf3g5]} Rfd8 23. Qe5 (23. Nxg5 Rxd6 24. Nxf7 Kxf7 $11) 23... Nxf3 24. gxf3 $16) 22... Qf6 23. Qxf6 gxf6 24. d5 exd5 25. exd5 Bxd5 26. Nf5 {Threatens to win with Ne7+.} Rfe8 27. f3 Rad8 28. Rad1 ({Better is} 28. h4 $11 Nf7 29. Rfd1) 28... Bxa2 $15 29. Bb5 Rxd1 30. Rxd1 Re5 31. Nd6 ({White should play} 31. Bd3 $15) 31... Bb3 (31... Nf7 $17 32. Bc4 Bxc4 33. Nxc4 Rb5) 32. Ra1 ({White should try} 32. Bc4+ $1 $15 Bxc4 33. Nxc4) 32... Rd5 $17 33. Bc4 Bxc4 34. Nxc4 {[%mdl 4096] Endgame KRN-KRN} Rd7 35. h4 Ne6 36. Kh2 Kf7 37. Kh3 h5 38. Na3 Nc5 39. Nb5 (39. Rc1 $17 {keeps fighting.}) 39... a5 $19 {[%cal Ba7a5,Ba5a4][%mdl 32]} 40. Na3 (40. Rb1 $142) 40... Rd4 41. Rc1 Rb4 42. Rc2 a4 43. Rd2 Kg7 {Played: Rb4-b3} 0-1

[Event "RUS-ch Men Rapid 2019"]
[Site "Sochi"]
[Date "2019.10.16"]
[Round "8.2"]
[White "Timofeev, Artyom"]
[Black "Rozum, Ivan"]
[Result "1/2-1/2"]
[WhiteElo "2595"]
[BlackElo "2599"]
[Annotator "ChessBase"]
[PlyCount "92"]
[EventDate "2019.10.15"]
[EventType "swiss"]
[EventCountry "RUS"]
[SourceTitle "playchess.com"]
[Source "ChessBase"]
[SourceQuality "1"]
[TimeControl "900+10"]

1. c4 {[%emt 0:00:00]} e5 {[%emt 0:00:00]} 2. e3 {[%emt 0:00:00]} d6 {[%emt 0:00:20]} 3. Nc3 {[%emt 0:00:00]} g6 {[%emt 0:00:04]} 4. g3 {[%emt 0:00:03]} Bg7 {[%emt 0:00:02]} 5. Bg2 {[%emt 0:00:03]} Nf6 {[%emt 0:00:39]} 6. Nge2 {[%emt 0:00:07]} O-O {[%emt 0:00:04]} 7. h3 {[%emt 0:00:10]} c6 {[%emt 0:01:22]} 8. d4 {[%emt 0:00:04]} exd4 {[%emt 0:00:02]} 9. Nxd4 {[%emt 0:00:07]} Nbd7 {[%emt 0:00:04]} 10. O-O {[%emt 0:00:06]} Nb6 {[%emt 0:00:21]} 11. Qe2 {[%emt 0:00:09]} d5 {[%emt 0:00:34]} 12. cxd5 {[%emt 0:00:03]} Nbxd5 {[%emt 0:00:04]} 13. Nxd5 {[%emt 0:00:10]} Nxd5 {[%emt 0:00:02]} 14. Rd1 {[%emt 0:00:03]} Qb6 {[%emt 0:00:32]} 15. Bxd5 {[%emt 0:00:35]} cxd5 {[%emt 0:00:05]} 16. Kh2 {[%emt 0:00:02]} Re8 {[%emt 0:02:06]} 17. Qf3 {[%emt 0:00:03]} Re4 {[%emt 0:00:49]} 18. Ne2 {[%emt 0:00:02]} Be6 {[%emt 0:00:19]} 19. Nf4 {[%emt 0:00:06]} Rd8 {[%emt 0:01:57]} 20. a4 {[%emt 0:00:10]} Rb4 {[%emt 0:01:58]} 21. a5 {[%emt 0:00:20]} Qb5 {[%emt 0:00:21]} 22. e4 {[%emt 0:00:11]} Rb3 {[%emt 0:00:39]} 23. Be3 {[%emt 0:00:08]} d4 {[%emt 0:01:21]} 24. Nxe6 {[%emt 0:00:03]} fxe6 {[%emt 0:00:03]} 25. Qg4 {[%emt 0:00:03]} Qd7 {[%emt 0:01:12]} 26. Rd2 {[%emt 0:02:25]} Qf7 {[%emt 0:00:42]} 27. e5 {[%emt 0:06:00]} Bxe5 {[%emt 0:00:34]} 28. a6 {[%emt 0:00:20]} bxa6 {[%emt 0:00:49]} 29. Bh6 {[%emt 0:00:59]} Rf3 {[%emt 0:00:46]} 30. Kg2 {[%emt 0:00:09]} Rf5 {[%emt 0:00:33]} 31. Qe4 {[%emt 0:00:03]} Rh5 {[%emt 0:01:15]} 32. g4 {[%emt 0:04:25]} Rxh6 {[%emt 0:00:02]} 33. Qxe5 {[%emt 0:00:01]} Qb7+ {[%emt 0:00:29]} 34. Kg3 {[%emt 0:00:04]} Qb3+ {[%emt 0:00:11]} 35. f3 {[%emt 0:00:01]} Rf8 {[%emt 0:00:09]} 36. Rf1 {[%emt 0:00:09]} g5 {[%emt 0:00:18]} 37. Qxd4 {[%emt 0:02:22]} Rhf6 {[%emt 0:00:05]} 38. Qe4 {[%emt 0:00:01]} R8f7 {[%emt 0:00:16]} 39. Kg2 {[%emt 0:00:16]} Kg7 {[%emt 0:00:01]} 40. Qe5 {[%emt 0:00:21]} Qb5 {[%emt 0:00:02]} 41. Re2 {[%emt 0:00:39]} Qxe5 {[%emt 0:00:09]} 42. Rxe5 {[%emt 0:00:01]} h6 {[%emt 0:00:02]} 43. Ra5 {[%emt 0:00:05]} Rb7 {[%emt 0:00:03]} 44. Rxa6 {[%emt 0:00:05]} Rxb2+ {[%emt 0:00:02]} 45. Rf2 {[%emt 0:00:01]} Rxf2+ {[%emt 0:00:14]} 46. Kxf2 {[%emt 0:00:02]} Rf8 {[%emt 0:00:39]} 1/2-1/2

[Event "RUS-ch Men Rapid 2019"]
[Site "Sochi"]
[Date "2019.10.16"]
[Round "8.3"]
[White "Apryshko, Gleb"]
[Black "Kokarev, Dmitry"]
[Result "0-1"]
[WhiteElo "2382"]
[BlackElo "2593"]
[Annotator "ChessBase"]
[PlyCount "84"]
[EventDate "2019.10.15"]
[EventType "swiss"]
[EventCountry "RUS"]
[SourceTitle "playchess.com"]
[Source "ChessBase"]
[SourceQuality "1"]
[TimeControl "900+10"]

1. g3 {[%emt 0:00:00]} g6 {[%emt 0:00:00]} 2. Bg2 {[%emt 0:00:00]} Bg7 {[%emt 0:00:00]} 3. Nf3 {[%emt 0:00:00]} c5 {[%emt 0:00:00]} 4. O-O {[%emt 0:00:00]} Nc6 {[%emt 0:00:00]} 5. c3 {[%emt 0:00:30]} e5 {[%emt 0:00:00]} 6. e4 {[%emt 0:00:56]} Nge7 {[%emt 0:00:04]} 7. a3 {[%emt 0:00:34]} d6 {[%emt 0:00:18]} 8. b4 {[%emt 0:00:51]} O-O {[%emt 0:00:04]} 9. d3 {[%emt 0:00:15]} h6 {[%emt 0:00:18]} 10. Be3 {[%emt 0:02:50]} b6 {[%emt 0:00:04]} 11. d4 {[%emt 0:00:01]} exd4 {[%emt 0:00:04]} 12. cxd4 {[%emt 0:00:01]} Bg4 {[%emt 0:00:03]} 13. h3 {[%emt 0:03:59]} Bxf3 {[%emt 0:00:19]} 14. Bxf3 {[%emt 0:00:02]} Nxd4 {[%emt 0:00:03]} 15. Ra2 {[%emt 0:00:03]} Nxf3+ {[%emt 0:00:09]} 16. Qxf3 {[%emt 0:00:01]} Nc6 {[%emt 0:00:13]} 17. Rd2 {[%emt 0:01:25]} cxb4 {[%emt 0:02:28]} 18. axb4 {[%emt 0:00:07]} Nxb4 {[%emt 0:00:02]} 19. Rfd1 {[%emt 0:00:40]} Qc8 {[%emt 0:00:10]} 20. Bf4 {[%emt 0:00:24]} Nc6 {[%emt 0:01:25]} 21. Bxd6 {[%emt 0:00:07]} Ne5 {[%emt 0:00:05]} 22. Qg2 {[%emt 0:01:33]} Re8 {[%emt 0:00:39]} 23. Na3 {[%emt 0:00:12]} Qc3 {[%emt 0:01:02]} 24. Kh1 {[%emt 0:01:51]} Qf3 {[%emt 0:00:49]} 25. Rd5 {[%emt 0:01:11]} a6 {[%emt 0:02:12]} 26. Qxf3 {[%emt 0:00:17]} Nxf3 {[%emt 0:00:02]} 27. Nc4 {[%emt 0:00:37]} b5 {[%emt 0:00:28]} 28. Nb6 {[%emt 0:00:02]} Ra7 {[%emt 0:00:02]} 29. Kg2 {[%emt 0:01:02]} Ne5 {[%emt 0:02:03]} 30. f4 {[%emt 0:00:18]} Nd7 {[%emt 0:00:02]} 31. Nxd7 {[%emt 0:00:08]} Rxd7 {[%emt 0:00:02]} 32. e5 {[%emt 0:00:04]} Rc8 {[%emt 0:00:18]} 33. R5d2 {[%emt 0:00:17]} Bf8 {[%emt 0:00:11]} 34. g4 {[%emt 0:00:11]} Rcd8 {[%emt 0:02:15]} 35. Kf3 {[%emt 0:00:10]} f5 {[%emt 0:00:01]} 36. gxf5 {[%emt 0:00:07]} gxf5 {[%emt 0:00:02]} 37. Rg1+ {[%emt 0:00:11]} Kf7 {[%emt 0:00:02]} 38. Rdg2 {[%emt 0:00:02]} Bxd6 {[%emt 0:01:43]} 39. Rg7+ {[%emt 0:00:00]} Ke6 {[%emt 0:00:01]} 40. R7g6+ {[%emt 0:00:14]} Kd5 {[%emt 0:00:02]} 41. Rd1+ {[%emt 0:00:11]} Kc5 {[%emt 0:00:01]} 42. Rc1+ {[%emt 0:00:22]} Kb4 {[%emt 0:00:01]} 0-1

[Event "RUS-ch Men Rapid 2019"]
[Site "Sochi"]
[Date "2019.10.16"]
[Round "8.4"]
[White "Bocharov, Dmitry"]
[Black "Khismatullin, Denis"]
[Result "1/2-1/2"]
[WhiteElo "2519"]
[BlackElo "2611"]
[Annotator "RC"]
[PlyCount "60"]
[EventDate "2019.10.15"]
[EventType "swiss"]
[EventCountry "RUS"]
[SourceTitle "playchess.com"]
[Source "ChessBase"]
[SourceQuality "1"]
[TimeControl "900+10"]

1. c4 {[%emt 0:00:14]} e5 {[%emt 0:00:01]} 2. g3 {[%emt 0:00:20]} Nf6 {[%emt 0:00:23]} 3. Bg2 {[%emt 0:00:03]} Nc6 {[%emt 0:00:01]} 4. Nc3 {[%emt 0:00:15]} Bb4 {[%emt 0:00:03]} 5. e4 {[%emt 0:01:12]} Bxc3 {[%emt 0:00:36]} 6. bxc3 {[%emt 0:00:08]} O-O {[%emt 0:00:05]} 7. Ne2 {[%emt 0:00:06]} d6 {[%emt 0:00:28]} 8. d3 {[%emt 0:00:10]} a6 {[%emt 0:00:51]} 9. a4 {[%emt 0:00:06]} Ne8 {[%emt 0:01:48]} 10. O-O {[%emt 0:00:21]} f5 {[%emt 0:00:02]} 11. exf5 {[%emt 0:01:13]} Bxf5 {[%emt 0:00:09]} 12. h3 h5 {[%emt 0:02:34]} 13. Kh2 {[%emt 0:05:44]} Nf6 {[%emt 0:00:58]} 14. Ng1 {[%emt 0:00:13]} Qd7 {[%emt 0:00:32]} 15. Bg5 {[%emt 0:00:16]} Rae8 {[%emt 0:00:31]} 16. Rb1 {[%emt 0:01:39]} Nd8 {[%emt 0:02:21]} 17. Bxf6 {[%emt 0:02:22]} Rxf6 {[%emt 0:00:10]} 18. Nf3 {[%emt 0:00:02]} Ne6 19. Rb2 {[%emt 0:02:26]} Nc5 {[%emt 0:03:35]} 20. d4 {[%emt 0:00:05]} Nd3 {[%emt 0:00:14]} 21. Rxb7 {[%emt 0:00:57]} Be4 {[%emt 0:01:33]} 22. Nxe5 {[%emt 0:00:10]} dxe5 {[%emt 0:00:45]} 23. Bxe4 {[%emt 0:00:14]} Nxf2 {[%emt 0:00:10]} 24. Bd5+ {[%emt 0:00:09]} Qxd5 {[%emt 0:00:35]} 25. cxd5 {[%emt 0:00:10]} Nxd1 {[%emt 0:00:02]} 26. Rxd1 {[%emt 0:00:02]} exd4 {[%emt 0:00:06]} 27. Rxc7 {[%emt 0:00:04]} Re2+ {[%emt 0:00:41]} 28. Kg1 {[%emt 0:00:19]} d3 {[%emt 0:00:00]} 29. Rxd3 {[%emt 0:00:10]} Re1+ {[%emt 0:00:09]} 30. Kg2 {[%emt 0:00:01]} Re2+ {[%emt 0:00:01]} 1/2-1/2

[Event "RUS-ch Men Rapid 2019"]
[Site "Sochi"]
[Date "2019.10.16"]
[Round "8.5"]
[White "Tsydypov, Zhamsaran"]
[Black "Oganian, Miran"]
[Result "0-1"]
[WhiteElo "2553"]
[BlackElo "2436"]
[Annotator "ChessBase"]
[PlyCount "95"]
[EventDate "2019.10.15"]
[EventType "swiss"]
[EventCountry "RUS"]
[SourceTitle "playchess.com"]
[Source "ChessBase"]
[SourceQuality "1"]
[TimeControl "900+10"]

1. e4 {[%emt 0:00:00]} c5 {[%emt 0:00:00]} 2. Nf3 {[%emt 0:00:05]} d6 {[%emt 0:00:04]} 3. d4 {[%emt 0:00:01]} cxd4 {[%emt 0:00:01]} 4. Nxd4 {[%emt 0:00:01]} Nf6 {[%emt 0:00:02]} 5. Nc3 {[%emt 0:00:01]} a6 {[%emt 0:00:01]} 6. Bg5 {[%emt 0:00:02]} Nbd7 {[%emt 0:00:01]} 7. Bc4 {[%emt 0:00:02]} Qb6 {[%emt 0:00:24]} 8. O-O {[%emt 0:00:04]} Qc5 {[%emt 0:00:46]} 9. Bd5 {[%emt 0:00:08]} e6 {[%emt 0:00:40]} 10. Re1 {[%emt 0:02:12]} Be7 {[%emt 0:01:00]} 11. Re3 {[%emt 0:00:59]} Nxd5 {[%emt 0:01:19]} 12. Nxd5 {[%emt 0:07:23]} Bxg5 {[%emt 0:00:18]} 13. Nxe6 {[%emt 0:00:26]} fxe6 {[%emt 0:00:59]} 14. Rc3 {[%emt 0:00:19]} Qa5 {[%emt 0:04:09]} 15. Nc7+ {[%emt 0:01:47]} Ke7 {[%emt 0:00:43]} 16. Nxa8 {[%emt 0:00:05]} Nc5 {[%emt 0:02:10]} 17. e5 {[%emt 0:00:04]} dxe5 {[%emt 0:00:26]} 18. a3 {[%emt 0:00:33]} Bd7 {[%emt 0:01:37]} 19. b4 {[%emt 0:00:17]} Qd8 {[%emt 0:00:06]} 20. bxc5 {[%emt 0:02:25]} Qxa8 {[%emt 0:00:50]} 21. Qd6+ {[%emt 0:00:01]} Ke8 {[%emt 0:00:03]} 22. c6 {[%emt 0:00:17]} Bxc6 {[%emt 0:00:15]} 23. Qxe6+ {[%emt 0:00:06]} Be7 {[%emt 0:00:11]} 24. Re1 {[%emt 0:00:17]} Rf8 {[%emt 0:00:26]} 25. Rxe5 {[%emt 0:00:24]} Rf7 {[%emt 0:00:08]} 26. Rce3 {[%emt 0:00:28]} Qd8 {[%emt 0:00:14]} 27. h3 {[%emt 0:00:04]} Kf8 {[%emt 0:00:55]} 28. Rd3 {[%emt 0:00:03]} Qc7 {[%emt 0:00:38]} 29. Rde3 {[%emt 0:00:07]} Qd7 {[%emt 0:00:14]} 30. Qc4 {[%emt 0:00:07]} Qd1+ {[%emt 0:00:21]} 31. Re1 {[%emt 0:00:08]} Qd2 {[%emt 0:00:12]} 32. R1e2 {[%emt 0:00:10]} Qd1+ {[%emt 0:00:16]} 33. Re1 {[%emt 0:00:03]} Qd6 {[%emt 0:00:05]} 34. Qg4 {[%emt 0:00:16]} Kg8 {[%emt 0:00:35]} 35. Qc4 {[%emt 0:00:13]} Bf8 {[%emt 0:00:18]} 36. Rf5 {[%emt 0:00:12]} Qg6 {[%emt 0:00:01]} 37. g4 {[%emt 0:00:00]} Bd7 {[%emt 0:00:15]} 38. Rf4 {[%emt 0:00:35]} Be6 {[%emt 0:00:16]} 39. Rxe6 {[%emt 0:00:27]} Rxf4 {[%emt 0:00:01]} 40. Qe2 {[%emt 0:00:10]} Qf7 {[%emt 0:00:10]} 41. Re3 {[%emt 0:00:05]} g6 {[%emt 0:00:18]} 42. Rc3 {[%emt 0:00:06]} b5 {[%emt 0:00:13]} 43. Qe3 {[%emt 0:00:02]} Rc4 {[%emt 0:00:04]} 44. Rd3 {[%emt 0:00:10]} Rc8 {[%emt 0:00:12]} 45. Qd2 {[%emt 0:00:05]} Bc5 {[%emt 0:00:14]} 46. Rd7 {[%emt 0:00:30]} Qe6 {[%emt 0:00:01]} 47. Rd3 {[%emt 0:00:16]} Rf8 {[%emt 0:00:04]} 48. Rd8 {[%emt 0:00:05]} 0-1

[Event "RUS-ch Men Rapid 2019"]
[Site "Sochi"]
[Date "2019.10.16"]
[Round "8.6"]
[White "Lysyj, Igor"]
[Black "Zakaryan, David"]
[Result "1/2-1/2"]
[WhiteElo "2596"]
[BlackElo "2338"]
[Annotator "TA"]
[PlyCount "139"]
[EventDate "2019.10.15"]
[EventType "swiss"]
[EventCountry "RUS"]
[SourceTitle "playchess.com"]
[Source "ChessBase"]
[SourceQuality "1"]

{[%evp 15,139,0,13,0,28,18,31,44,27,16,33,38,54,46,47,42,52,35,31,33,52,50,45,44,77,77,99,100,100,103,102,98,101,104,104,93,102,90,104,90,100,99,92,93,106,106,121,104,120,120,120,120,120,120,120,121,123,121,124,60,60,60,75,15,165,209,156,90,96,8,10,2,7,5,7,5,6,0,0,0,0,0,0,0,0,0,0,0,8,0,0,0,0,0,0,0,0,0,0,0,0,0,0,0,0,0,0,0,0,0,0,0,0,0,0,0,0,0,0,0,0,0,0,0,0,0]} 1. d4 d5 2. c4 e6 3. Nf3 Nf6 4. g3 Bb4+ 5. Bd2 Be7 6. Bg2 O-O 7. O-O c6 8. Qb3 Nbd7 9. Bb4 {E11: Bogo-Indian} (9. Bf4 a5 10. Rd1 h6 11. a3 Nh5 12. Bc1 Nhf6 13. Qc2 b5 14. c5 Ne4 15. Be3 f5 16. Ne5 Nxe5 17. dxe5 {½-½ (49) Gelfand,B (2686)-Giri,A (2779) Amsterdam 2019}) 9... c5 10. dxc5 Nxc5 11. Bxc5 {White is slightly better.} Bxc5 12. Nc3 Qa5 $146 ({Predecessor:} 12... dxc4 13. Qxc4 Qc7 14. Qf4 Bd6 15. Qh4 Bd7 16. Rac1 Qb6 {1-0 (53) Grabarczyk,M (2476)-Pytel,K (2413) Gorzow Wielkopolski 2008}) 13. cxd5 exd5 14. Rad1 Be6 15. Nd4 Qb6 16. Qxb6 Bxb6 17. Na4 Bxd4 18. Rxd4 Rfc8 19. Nc3 g6 20. Rfd1 ({Much weaker is} 20. Bxd5 Nxd5 21. Nxd5 Rc2 $11) 20... Rc5 21. Nxd5 Nxd5 22. Bxd5 Bxd5 23. Rxd5 $16 {[%mdl 4096] Endgame KRR-KRR} Rc2 24. R1d2 Rac8 25. e3 h5 26. Kg2 Kg7 27. h3 R8c7 28. g4 hxg4 29. hxg4 R7c4 30. Kf3 Rc6 31. b3 a6 32. R5d4 b5 33. Rxc2 Rxc2 {KR-KR} 34. a4 bxa4 35. bxa4 Ra2 36. g5 Kf8 37. Kg3 (37. Re4 $1 $16) 37... Ke7 $14 38. f3 Ke6 39. e4 (39. f4 $16) 39... Ke7 (39... a5 $11) 40. Kf4 $1 $18 Ra3 {[#]} 41. Rb4 (41. Rc4 $142 $1) 41... a5 $16 {[#]} 42. Rd4 (42. Rb5 $1 $16 {[%cal Rb5a5]} Rxa4 43. Ke5) 42... Ke6 $11 {The position is equal.} 43. Kg4 Ra1 44. Rc4 Kd6 45. f4 Ra3 46. Rd4+ Ke6 47. e5 Ke7 48. f5 Ra1 49. fxg6 fxg6 50. Kf4 Rf1+ 51. Ke4 {With the idea Rd5.} Rg1 52. Rd6 Rxg5 53. Ra6 {Strongly threatening Kd5.} Rg4+ 54. Kd5 Rxa4 55. Rxg6 Ra1 56. Rg7+ Kf8 57. Ra7 a4 {[%cal Ba5a4,Ba4a3,Ba3a2][%mdl 32]} 58. Ke6 a3 59. Ra8+ Kg7 60. Ke7 a2 61. e6 $1 Kg6 62. Ra5 Kh6 63. Ra3 Kg5 64. Rg3+ Kf4 65. Rg2 Kf3 66. Rb2 Ke3 67. Ke8 {e7 is the strong threat.} Kd3 68. e7 Kc3 69. Rh2 Kb3 70. Rh3+ {Accuracy: White = 60%, Black = 66%.} 1/2-1/2

[Event "RUS-ch Men Rapid 2019"]
[Site "Sochi"]
[Date "2019.10.16"]
[Round "8.7"]
[White "Pridorozhni, Aleksei"]
[Black "Samusenko, Maksim"]
[Result "1/2-1/2"]
[WhiteElo "2599"]
[BlackElo "2445"]
[Annotator "TA"]
[PlyCount "83"]
[EventDate "2019.10.15"]
[EventType "swiss"]
[EventCountry "RUS"]
[SourceTitle "playchess.com"]
[Source "ChessBase"]
[SourceQuality "1"]

{[%evp 9,83,-35,1,-4,-4,-54,-44,-48,-30,-30,-17,-25,-32,-42,-45,-53,-36,-50,-48,-43,-39,-39,0,-35,-40,-39,-16,-15,0,0,0,-13,-12,-17,-3,-28,-23,-33,-36,-44,-43,-43,-18,-51,-45,-66,-69,-60,-8,-27,-14,-27,0,0,0,0,0,0,0,-10,-10,-6,-16,-19,0,0,0,0,0,-4,-4,-9,-4,-4,0,-4]} 1. e4 d5 2. d3 c5 3. Nc3 d4 4. Nce2 Nc6 5. g3 g6 (5... h5 6. h4 Nf6 7. Bg5 c4 8. Bh3 Qa5+ 9. Kf1 cxd3 10. cxd3 Ng4 11. Nf3 e5 {½-½ (45) Novikov,S (2565)-Ponkratov,P (2585) Moscow 2010}) 6. Bg2 {A00: Irregular Openings} Bg7 7. Nh3 e5 8. f4 {Black is slightly better.} exf4 $146 ({Predecessor:} 8... Nge7 9. O-O O-O 10. a3 f5 11. Rb1 {1-0 (32) Penson,T (2295)-Winants,H Eupen 1994}) 9. Nexf4 Nge7 10. O-O O-O 11. b3 Ne5 12. Nf2 b6 13. Bd2 Rb8 14. a4 Qd6 15. Qe2 Bb7 16. Rae1 Rbe8 17. Qd1 a6 18. Ng4 b5 19. Nxe5 Bxe5 20. axb5 axb5 21. Nh3 Nc6 22. Ng5 h6 23. Nf3 Bg7 24. Bf4 Qd7 25. h4 Qe7 26. Kh2 Bc8 27. Bh3 Bxh3 28. Kxh3 c4 (28... Ra8 $15) 29. bxc4 bxc4 30. Kg2 cxd3 31. cxd3 {The position is equal.} Ra8 32. Rf2 Ra3 33. Bc1 Ra7 34. Rc2 Qe6 35. Rc4 Ne5 36. Nxe5 Qxe5 37. Bf4 Qe6 38. Re2 Rfa8 39. Rec2 Ra2 40. Qd2 Rxc2 41. Rxc2 Kh7 42. Qe2 {Accuracy: White = 53%, Black = 58%.} 1/2-1/2

[Event "RUS-ch Men Rapid 2019"]
[Site "Sochi"]
[Date "2019.10.16"]
[Round "8.8"]
[White "Popov, Valerij"]
[Black "Musalov, Ruslan"]
[Result "0-1"]
[WhiteElo "2535"]
[BlackElo "2348"]
[Annotator "ChessBase"]
[PlyCount "84"]
[EventDate "2019.10.15"]
[EventType "swiss"]
[EventCountry "RUS"]
[SourceTitle "playchess.com"]
[Source "ChessBase"]
[SourceQuality "1"]
[TimeControl "900+10"]

1. c4 {[%emt 0:00:00]} c5 {[%emt 0:00:00]} 2. Nf3 {[%emt 0:00:02]} Nf6 {[%emt 0:00:00]} 3. d4 {[%emt 0:00:02]} cxd4 {[%emt 0:00:08]} 4. Nxd4 {[%emt 0:00:01]} Nc6 {[%emt 0:00:21]} 5. Nc3 {[%emt 0:00:03]} g6 {[%emt 0:00:02]} 6. e4 {[%emt 0:00:05]} Bg7 {[%emt 0:00:01]} 7. Be3 {[%emt 0:00:07]} Ng4 {[%emt 0:00:11]} 8. Qxg4 {[%emt 0:00:03]} Nxd4 {[%emt 0:00:02]} 9. Qd1 {[%emt 0:00:05]} Ne6 {[%emt 0:01:53]} 10. Qd2 {[%emt 0:00:09]} Qa5 {[%emt 0:00:30]} 11. Rc1 {[%emt 0:00:04]} d6 {[%emt 0:00:55]} 12. Be2 {[%emt 0:00:36]} Bd7 {[%emt 0:02:48]} 13. b3 {[%emt 0:00:13]} Bc6 {[%emt 0:00:24]} 14. Nd5 {[%emt 0:00:46]} Qxd2+ {[%emt 0:00:21]} 15. Kxd2 {[%emt 0:00:01]} Kd7 {[%emt 0:00:31]} 16. Bg4 {[%emt 0:00:28]} Rhf8 {[%emt 0:01:25]} 17. f4 {[%emt 0:01:27]} f5 {[%emt 0:00:08]} 18. exf5 {[%emt 0:00:17]} gxf5 {[%emt 0:00:02]} 19. Bf3 {[%emt 0:00:10]} Nd4 {[%emt 0:01:38]} 20. Bh5 {[%emt 0:04:56]} e6 {[%emt 0:01:05]} 21. Nc3 {[%emt 0:00:23]} Rac8 {[%emt 0:03:41]} 22. Rhf1 {[%emt 0:02:21]} a6 {[%emt 0:01:49]} 23. Kd3 {[%emt 0:02:57]} e5 {[%emt 0:00:06]} 24. Nd5 {[%emt 0:00:02]} e4+ {[%emt 0:00:21]} 25. Kd2 {[%emt 0:00:02]} Bxd5 {[%emt 0:00:21]} 26. cxd5 {[%emt 0:00:01]} Rc5 {[%emt 0:00:02]} 27. Be2 {[%emt 0:03:19]} Rfc8 {[%emt 0:00:20]} 28. Rc4 {[%emt 0:00:34]} Rxd5 {[%emt 0:00:14]} 29. Rxc8 {[%emt 0:00:07]} Kxc8 {[%emt 0:00:05]} 30. Bc4 {[%emt 0:00:02]} Rc5 {[%emt 0:00:16]} 31. Rd1 {[%emt 0:00:09]} d5 {[%emt 0:00:08]} 32. Bf1 {[%emt 0:00:02]} Rc2+ {[%emt 0:00:18]} 33. Ke1 {[%emt 0:00:01]} Nc6 {[%emt 0:00:10]} 34. Rxd5 {[%emt 0:00:03]} Rxa2 {[%emt 0:00:09]} 35. Rxf5 {[%emt 0:00:20]} Bc3+ 36. Kd1 Bd4 {[%emt 0:00:18]} 37. Bxd4 {[%emt 0:00:43]} Nxd4 {[%emt 0:00:01]} 38. Rc5+ {[%emt 0:00:20]} Kb8 {[%emt 0:00:01]} 39. b4 {[%emt 0:00:06]} e3 {[%emt 0:00:13]} 40. f5 {[%emt 0:00:09]} Rf2 {[%emt 0:00:16]} 41. Ke1 {[%emt 0:00:03]} Nc2+ {[%emt 0:00:11]} 42. Kd1 {[%emt 0:00:04]} Rxf1+ {[%emt 0:00:06]} 0-1